Score 0/7 Timer 03:00
0 Plays Today
Question Answer Wrong Answers
The stage version of Of Mice and Men, adapted from a novel by this author, debuts at the Music Box Theatre on Broadway.
1937
John Steinbeck
89.3%
Samuel Beckett
1.9%
George Orwell
3%
Tennessee Williams
4.1%
This MMORPG set in the world of Azeroth is released by Blizzard Entertainment.
2004
World of Warcraft
80%
EverQuest
3.6%
League of Legends
8%
Guild Wars
1.8%
This English actor, known for his roles in Frankenstein and The Mummy, is born in Camberwell, Surrey.
1887
Boris Karloff
69.1%
Christopher Lee
10.5%
Max Schreck
2.5%
Bela Lugosi
17.8%
The Games of the Third Olympiad, held for the first time outside of Europe, come to a close in this American city.
1904
St. Louis
68%
Atlanta
6.7%
Philadelphia
6%
New York
18.1%
This American rapper releases his debut album, featuring tracks like 'Gin and Juice' and 'Murder Was the Case'.
1993
Snoop Dogg
57.5%
DMX
2.4%
Tupac Shakur
24.1%
Ice Cube
9.8%
The Cocos Islands, off the coast of Sumatra, are transferred from British control to this country.
1955
Australia
55.5%
France
15.7%
United States
6.9%
China
16.4%
World War II's Battle of Tarawa, located in this modern country, ends with American forces seizing control from Japan.
1943
Kiribati
30.1%
Fiji
10.6%
Taiwan
15.9%
Philippines
40.5%
Remove Ads.
Support Sporcle.
Get the best of Sporcle when you Go Orange. This ad-free experience offers more features, more stats, and more fun while also helping to support Sporcle. Thank you for becoming a member.

You're not logged in!

Compare scores with friends on all Sporcle quizzes.
OR
Log In

Show Comments

Extras

Top Quizzes Today


Score Distribution

Your Account Isn't Verified!

In order to create a playlist on Sporcle, you need to verify the email address you used during registration. Go to your Sporcle Settings to finish the process.

Report this User

Report this user for behavior that violates our Community Guidelines.

Details: